| 000 | 01440nam0a2200325 4500 | ||
|---|---|---|---|
| 001 | RU\NLR\bibl\1047167 | ||
| 005 | 20250615032931.0 | ||
| 010 |
_a5-699-20006-1 _bВ пер. _93100 |
||
| 021 |
_aRU _b2006-87243 _94422 |
||
| 035 | _a(nilc)RSL-KNO-003020173 | ||
| 035 | _a(NLR Aleph) 001034520 | ||
| 090 |
_a779670 _c779670 |
||
| 100 | _a20070117d2006 |||y0rusy50 ca | ||
| 101 | 1 |
_arus _ceng |
|
| 102 | _aRU | ||
| 105 | _ay zzzz||||| | ||
| 106 | _ar | ||
| 200 | 1 |
_aДитя Ковчега _e[роман] _fЛиз Дженсен _g[пер. с англ. О. Шидловской] |
|
| 210 |
_aМосква _cЭксмо _d2006 |
||
| 215 |
_a381, [2] с. _d21 |
||
| 225 | 1 | _aBella Donna | |
| 610 | 0 | _aФилологические науки. Художественная литература -- Великобритания -- Английская литература -- с 1945 г. -- Произведения художественной литературы -- Художественная проза -- Романы. Повести. Рассказы -- Фантастические и мистические романы, повести, рассказы. Романы ужасов | |
| 686 |
_aШ5(4Вл)62-644.5 _2rubbk |
||
| 700 | 1 |
_aДженсен _bЛ. _gЛиз _4070 |
|
| 801 | 0 |
_aRU _bРКП _c20070117 _grcr |
|
| 801 | 1 |
_aRU _bРГБ _c20070117 |
|
| 801 | 2 |
_aRU _bNLR _c20070216 _grcr |
|
| 942 | _cBOOK | ||
| 980 | _aNB | ||